Pearson science 6 (Record no. 110802)

MARC details
000 -LÍDER
campo de controle de tamanho fixo 00564 a2200217 4500
001 - NÚMERO DE CONTROLE
campo de controle 110802
020 ## - ISBN - INTERNATIONAL STANDARD BOOK NUMBER
ISBN - International Standard Book Number 9780133126082
041 ## - CÓDIGO DE IDIOMA
Código do idioma do texto/trilha sonora ou título diferente eng
082 ## - CDD - CLASSIFICAÇÃO DECIMAL DE DEWEY
Número de Classificação 500
040 ## - FONTE DA CATALOGAÇÃO
Instituição da catalogação original BR-BrIDEA
Instituição que transcreveu o registro BR-BrIDEA
090 ## - NÚMERO DE CHAMADA LOCAL
Número de chamada (OCLC) (R); Número de chamada, CALL (RLIN) (NR) P Year 6 500
Número Cutter local (OCLC); Número de classificação do livro, CALL (RLIN) JOH
100 ## - ENTRADA PRINCIPAL--NOME PESSOAL
Nome pessoal Johason, Terry [et. al.]
250 ## - EDIÇÃO
Edição . ed.
245 10 - TÍTULO
Título Pearson science 6
Restante do título Saskatchewan edition
Indicação de responsabilidade, etc. Terry Johanson et al
260 ## - PUBLICAÇÃO, DISTRIBUIÇÃO, ETC.
Local de publicação, distribuição, etc. Canada
Nome do editor, distribuidor, etc. Pearson Canada
Data da publicação, distribuição, etc. 2013
300 ## - DESCRIÇÃO FÍSICA
Extensão 340 p
697 ## - ENTRADA DE ASSUNTO LOCAL--ENTIDADE COLETIVA (RLIN)
Nome corporativo ou nome da jurisdição Science - Study and teaching.
700 ## - ENTRADA ADICIONADA - NOME PESSOAL
Nome pessoal Terry Johanson et al.
856 ## - LOCALIZAÇÃO ELETRÔNICA E ACESSO
Uniform Resource Identifier <a href="000001/00000134.jpg">000001/00000134.jpg</a>
942 ## - ELEMENTOS DE ENTRADA ADICIONADOS (KOHA)
Tipo de material Koha Livros
Holdings
Situação do descarte Situação das perdas Fonte da classificação ou esquema de arquivamento na estante Situação física Não pode ser emprestado Biblioteca de origem Biblioteca atual Data de aquisição Total de empréstimos Número de chamada completo Código de barras Devolução em Data de último acesso Data do último empréstimo Data do preço efetivo Tipo de material Koha
    Classificação Decimal de Dewey     ECB - SUDOESTE ECB - SUDOESTE 10/04/2019 1 P Year 6 500 00043599SSW 29/11/2024 22/02/2024 22/02/2024 23/01/2024 Textbook
    Classificação Decimal de Dewey     ECB - SUDOESTE ECB - SUDOESTE 10/04/2019 1 P Year 6 500 00043607SSW 29/11/2024 21/02/2024 21/02/2024 23/01/2024 Textbook
    Classificação Decimal de Dewey     ECB - SUDOESTE ECB - SUDOESTE 10/04/2019 1 P Year 6 500 00043610SSW 29/11/2024 21/02/2024 21/02/2024 23/01/2024 Textbook
    Classificação Decimal de Dewey     ECB - SUDOESTE ECB - SUDOESTE 10/04/2019 1 P Year 6 500 00043620SSW 29/11/2024 21/02/2024 21/02/2024 23/01/2024 Textbook
    Classificação Decimal de Dewey     ECB - SUDOESTE ECB - SUDOESTE 10/04/2019 1 P Year 6 500 00043623SSW 29/11/2024 21/02/2024 21/02/2024 23/01/2024 Textbook
    Classificação Decimal de Dewey     ECB - SUDOESTE ECB - SUDOESTE 17/01/2018   P Year 6 500 00032658SSW   23/01/2024   23/01/2024 Textbook
    Classificação Decimal de Dewey     ECB - SUDOESTE ECB - SUDOESTE 17/01/2018 1 P Year 6 500 00032663SSW 29/11/2024 22/02/2024 22/02/2024 23/01/2024 Textbook
    Classificação Decimal de Dewey     ECB - SUDOESTE ECB - SUDOESTE 17/01/2018 1 P Year 6 500 00032666SSW 29/11/2024 21/02/2024 21/02/2024 23/01/2024 Textbook
    Classificação Decimal de Dewey     ECB - SUDOESTE ECB - SUDOESTE 17/01/2018 1 P Year 6 500 00032671SSW 29/11/2024 21/02/2024 21/02/2024 23/01/2024 Textbook
    Classificação Decimal de Dewey     ECB - SUDOESTE ECB - SUDOESTE 17/01/2018 1 P Year 6 500 00032674SSW 29/11/2024 21/02/2024 21/02/2024 23/01/2024 Textbook
    Classificação Decimal de Dewey     ECB - SUDOESTE ECB - SUDOESTE 17/01/2018 1 P Year 6 500 00032679SSW 29/11/2024 21/02/2024 21/02/2024 23/01/2024 Textbook
    Classificação Decimal de Dewey     ECB - SUDOESTE ECB - SUDOESTE 17/01/2018 1 P Year 6 500 00032682SSW 29/11/2024 21/02/2024 21/02/2024 23/01/2024 Textbook
    Classificação Decimal de Dewey     ECB - SUDOESTE ECB - SUDOESTE 17/01/2018 1 P Year 6 500 00032687SSW 29/11/2024 21/02/2024 21/02/2024 23/01/2024 Textbook
    Classificação Decimal de Dewey     ECB - SUDOESTE ECB - SUDOESTE 17/01/2018 1 P Year 6 500 00032690SSW 29/11/2024 21/02/2024 21/02/2024 23/01/2024 Textbook
    Classificação Decimal de Dewey     ECB - SUDOESTE ECB - SUDOESTE 17/01/2018 1 P Year 6 500 00032700SSW 29/11/2024 21/02/2024 21/02/2024 23/01/2024 Textbook
    Classificação Decimal de Dewey     ECB - SUDOESTE ECB - SUDOESTE 17/01/2018 1 P Year 6 500 00032703SSW 29/11/2024 21/02/2024 21/02/2024 23/01/2024 Textbook
    Classificação Decimal de Dewey     ECB - SUDOESTE ECB - SUDOESTE 17/01/2018 1 P Year 6 500 00032708SSW 29/11/2024 21/02/2024 21/02/2024 23/01/2024 Textbook
    Classificação Decimal de Dewey     ECB - SUDOESTE ECB - SUDOESTE 17/01/2018 1 P Year 6 500 00032711SSW 29/11/2024 21/02/2024 21/02/2024 23/01/2024 Textbook
    Classificação Decimal de Dewey     ECB - SUDOESTE ECB - SUDOESTE 17/01/2018   P Year 6 500 00032719SSW   23/01/2024   23/01/2024 Textbook
    Classificação Decimal de Dewey     ECB - SUDOESTE ECB - SUDOESTE 17/01/2018 2 P Year 6 500 00032727SSW 29/11/2024 23/02/2024 23/02/2024 23/01/2024 Textbook
    Classificação Decimal de Dewey     ECB - SUDOESTE ECB - SUDOESTE 17/01/2018 1 P Year 6 500 00032732SSW 29/11/2024 21/02/2024 21/02/2024 23/01/2024 Textbook
    Classificação Decimal de Dewey     ECB - SUDOESTE ECB - SUDOESTE 17/01/2018   P Year 6 500 00032735SSW   23/01/2024   23/01/2024 Textbook
    Classificação Decimal de Dewey     ECB - SUDOESTE ECB - SUDOESTE 17/01/2018 1 P Year 6 500 00032740SSW 29/11/2024 21/02/2024 21/02/2024 23/01/2024 Textbook
    Classificação Decimal de Dewey     ECB - SUDOESTE ECB - SUDOESTE 25/01/2018 1 P Year 6 500 00033309SSW 29/11/2024 21/02/2024 21/02/2024 23/01/2024 Textbook
    Classificação Decimal de Dewey     ECB - SUDOESTE ECB - SUDOESTE 30/07/2019 1 P Year 6 500 00044638SSW 29/11/2024 21/02/2024 21/02/2024 23/01/2024 Textbook
    Classificação Decimal de Dewey     ECB - SUDOESTE ECB - SUDOESTE 30/07/2019 1 P Year 6 500 00044639SSW 29/11/2024 21/02/2024 21/02/2024 23/01/2024 Textbook
    Classificação Decimal de Dewey     ECB - SUDOESTE ECB - SUDOESTE 16/12/2019 1 P Year 6 500 00045959SSW 29/11/2024 21/02/2024 21/02/2024 23/01/2024 Textbook
    Classificação Decimal de Dewey     ECB - SUDOESTE ECB - SUDOESTE 16/12/2019 1 P Year 6 500 00045960SSW 29/11/2024 21/02/2024 21/02/2024 23/01/2024 Textbook
    Classificação Decimal de Dewey     ECB - SUDOESTE ECB - SUDOESTE 16/12/2019 1 P Year 6 500 00045961SSW   25/06/2024 21/02/2024 23/01/2024 Textbook
    Classificação Decimal de Dewey     ECB - SUDOESTE ECB - SUDOESTE 16/12/2019 1 P Year 6 500 00045962SSW 29/11/2024 21/02/2024 21/02/2024 23/01/2024 Textbook
    Classificação Decimal de Dewey     ECB - SUDOESTE ECB - SUDOESTE 16/12/2019 1 P Year 6 500 00045963SSW 29/11/2024 21/02/2024 21/02/2024 23/01/2024 Textbook
    Classificação Decimal de Dewey     ECB - SUDOESTE ECB - SUDOESTE 16/12/2019 1 P Year 6 500 00045964SSW 29/11/2024 21/02/2024 21/02/2024 23/01/2024 Textbook
    Classificação Decimal de Dewey     ECB - SUDOESTE ECB - SUDOESTE 16/12/2019 1 P Year 6 500 00045965SSW 29/11/2024 22/02/2024 22/02/2024 23/01/2024 Textbook
    Classificação Decimal de Dewey     ECB - SUDOESTE ECB - SUDOESTE 16/12/2019 1 P Year 6 500 00045967SSW 29/11/2024 21/02/2024 21/02/2024 23/01/2024 Textbook
    Classificação Decimal de Dewey     ECB - SUDOESTE ECB - SUDOESTE 16/12/2019 1 P Year 6 500 00045968SSW 29/11/2024 21/02/2024 21/02/2024 23/01/2024 Textbook
    Classificação Decimal de Dewey     ECB - SUDOESTE ECB - SUDOESTE 16/12/2019 1 P Year 6 500 00045969SSW 29/11/2024 21/02/2024 21/02/2024 23/01/2024 Textbook
    Classificação Decimal de Dewey     ECB - SUDOESTE ECB - SUDOESTE 16/12/2019   P Year 6 500 00045970SSW   23/01/2024   23/01/2024 Textbook
    Classificação Decimal de Dewey     ECB - SUDOESTE ECB - SUDOESTE 16/12/2019 1 P Year 6 500 00045971SSW 29/11/2024 21/02/2024 21/02/2024 23/01/2024 Textbook
    Classificação Decimal de Dewey     ECB - SUDOESTE ECB - SUDOESTE 16/12/2019 1 P Year 6 500 00045972SSW 29/11/2024 21/02/2024 21/02/2024 23/01/2024 Textbook
    Classificação Decimal de Dewey     ECB - SUDOESTE ECB - SUDOESTE 16/12/2019 1 P Year 6 500 00045973SSW 29/11/2024 21/02/2024 21/02/2024 23/01/2024 Textbook
    Classificação Decimal de Dewey     ECB - SUDOESTE ECB - SUDOESTE 16/12/2019 1 P Year 6 500 00045975SSW 29/11/2024 22/02/2024 22/02/2024 23/01/2024 Textbook
    Classificação Decimal de Dewey     ECB - SUDOESTE ECB - SUDOESTE 16/12/2019 1 P Year 6 500 00045976SSW 29/11/2024 21/02/2024 21/02/2024 23/01/2024 Textbook
    Classificação Decimal de Dewey     ECB - SUDOESTE ECB - SUDOESTE 10/04/2019 1 P Year 6 500 00043600SSW 29/11/2024 21/02/2024 21/02/2024 23/01/2024 Textbook
    Classificação Decimal de Dewey     ECB - SUDOESTE ECB - SUDOESTE 10/04/2019   P Year 6 500 00043605SSW   23/01/2024   23/01/2024 Textbook
    Classificação Decimal de Dewey     ECB - SUDOESTE ECB - SUDOESTE 10/04/2019 1 P Year 6 500 00043608SSW 29/11/2024 21/02/2024 21/02/2024 23/01/2024 Textbook
    Classificação Decimal de Dewey     ECB - SUDOESTE ECB - SUDOESTE 10/04/2019 1 P Year 6 500 00043613SSW 29/11/2024 21/02/2024 21/02/2024 23/01/2024 Textbook
    Classificação Decimal de Dewey     ECB - SUDOESTE ECB - SUDOESTE 10/04/2019 1 P Year 6 500 00043616SSW 29/11/2024 21/02/2024 21/02/2024 23/01/2024 Textbook
    Classificação Decimal de Dewey     ECB - SUDOESTE ECB - SUDOESTE 10/04/2019 1 P Year 6 500 00043618SSW 29/11/2024 22/02/2024 22/02/2024 23/01/2024 Textbook
    Classificação Decimal de Dewey     ECB - SUDOESTE ECB - SUDOESTE 10/04/2019 1 P Year 6 500 00043621SSW 29/11/2024 21/02/2024 21/02/2024 23/01/2024 Textbook
    Classificação Decimal de Dewey     ECB - SUDOESTE ECB - SUDOESTE 10/04/2019 1 P Year 6 500 00043598SSW 29/11/2024 21/02/2024 21/02/2024 23/01/2024 Textbook
    Classificação Decimal de Dewey     ECB - SUDOESTE ECB - SUDOESTE 10/04/2019 1 P Year 6 500 00043603SSW 29/11/2024 21/02/2024 21/02/2024 23/01/2024 Textbook
    Classificação Decimal de Dewey     ECB - SUDOESTE ECB - SUDOESTE 10/04/2019   P Year 6 500 00043606SSW   23/01/2024   23/01/2024 Textbook
    Classificação Decimal de Dewey     ECB - SUDOESTE ECB - SUDOESTE 10/04/2019 1 P Year 6 500 00043611SSW 29/11/2024 21/02/2024 21/02/2024 23/01/2024 Textbook
    Classificação Decimal de Dewey     ECB - SUDOESTE ECB - SUDOESTE 10/04/2019 1 P Year 6 500 00043614SSW 29/11/2024 21/02/2024 21/02/2024 23/01/2024 Textbook
    Classificação Decimal de Dewey     ECB - SUDOESTE ECB - SUDOESTE 10/04/2019 1 P Year 6 500 00043619SSW 29/11/2024 21/02/2024 21/02/2024 23/01/2024 Textbook
    Classificação Decimal de Dewey     ECB - SUDOESTE ECB - SUDOESTE 10/04/2019 1 P Year 6 500 00043624SSW 29/11/2024 21/02/2024 21/02/2024 23/01/2024 Textbook
    Classificação Decimal de Dewey     ECB - SUDOESTE ECB - SUDOESTE 17/01/2018 1 P Year 6 500 00032664SSW 29/11/2024 21/02/2024 21/02/2024 23/01/2024 Textbook
    Classificação Decimal de Dewey     ECB - SUDOESTE ECB - SUDOESTE 17/01/2018 1 P Year 6 500 00032669SSW 29/11/2024 30/04/2024 30/04/2024 23/01/2024 Textbook
    Classificação Decimal de Dewey     ECB - SUDOESTE ECB - SUDOESTE 17/01/2018 1 P Year 6 500 00032672SSW 29/11/2024 21/02/2024 21/02/2024 23/01/2024 Textbook
    Classificação Decimal de Dewey     ECB - SUDOESTE ECB - SUDOESTE 17/01/2018 1 P Year 6 500 00032701SSW 29/11/2024 21/02/2024 21/02/2024 23/01/2024 Textbook
    Classificação Decimal de Dewey     ECB - SUDOESTE ECB - SUDOESTE 17/01/2018 1 P Year 6 500 00032706SSW 29/11/2024 21/02/2024 21/02/2024 23/01/2024 Textbook
    Classificação Decimal de Dewey     ECB - SUDOESTE ECB - SUDOESTE 17/01/2018 1 P Year 6 500 00032709SSW 29/11/2024 21/02/2024 21/02/2024 23/01/2024 Textbook
    Classificação Decimal de Dewey     ECB - SUDOESTE ECB - SUDOESTE 17/01/2018 1 P Year 6 500 00032714SSW 29/11/2024 21/02/2024 21/02/2024 23/01/2024 Textbook
    Classificação Decimal de Dewey     ECB - SUDOESTE ECB - SUDOESTE 17/01/2018 1 P Year 6 500 00032717SSW 29/11/2024 21/02/2024 21/02/2024 23/01/2024 Textbook
    Classificação Decimal de Dewey     ECB - SUDOESTE ECB - SUDOESTE 17/01/2018 1 P Year 6 500 00032725SSW 29/11/2024 21/02/2024 21/02/2024 23/01/2024 Textbook
    Classificação Decimal de Dewey     ECB - SUDOESTE ECB - SUDOESTE 17/01/2018 1 P Year 6 500 00032730SSW 29/11/2024 21/02/2024 21/02/2024 23/01/2024 Textbook
    Classificação Decimal de Dewey     ECB - SUDOESTE ECB - SUDOESTE 17/01/2018 1 P Year 6 500 00032733SSW 29/11/2024 21/02/2024 21/02/2024 23/01/2024 Textbook
    Classificação Decimal de Dewey     ECB - SUDOESTE ECB - SUDOESTE 17/01/2018 1 P Year 6 500 00032738SSW 29/11/2024 21/02/2024 21/02/2024 23/01/2024 Textbook
    Classificação Decimal de Dewey     ECB - SUDOESTE ECB - SUDOESTE 18/01/2018 1 P Year 6 500 00032788SSW 29/11/2024 21/02/2024 21/02/2024 23/01/2024 Textbook
    Classificação Decimal de Dewey     ECB - SUDOESTE ECB - SUDOESTE 10/04/2019 1 P Year 6 500 00043601SSW 29/11/2024 21/02/2024 21/02/2024 23/01/2024 Textbook
    Classificação Decimal de Dewey     ECB - SUDOESTE ECB - SUDOESTE 10/04/2019 1 P Year 6 500 00043604SSW 29/11/2024 21/02/2024 21/02/2024 23/01/2024 Textbook
    Classificação Decimal de Dewey     ECB - SUDOESTE ECB - SUDOESTE 10/04/2019 1 P Year 6 500 00043609SSW 29/11/2024 21/02/2024 21/02/2024 23/01/2024 Textbook
    Classificação Decimal de Dewey     ECB - SUDOESTE ECB - SUDOESTE 10/04/2019 1 P Year 6 500 00043612SSW 29/11/2024 21/02/2024 21/02/2024 23/01/2024 Textbook
    Classificação Decimal de Dewey     ECB - SUDOESTE ECB - SUDOESTE 10/04/2019 1 P Year 6 500 00043617SSW 29/11/2024 21/02/2024 21/02/2024 23/01/2024 Textbook
    Classificação Decimal de Dewey     ECB - SUDOESTE ECB - SUDOESTE 10/04/2019 1 P Year 6 500 00043622SSW 29/11/2024 21/02/2024 21/02/2024 23/01/2024 Textbook
    Classificação Decimal de Dewey     ECB - SUDOESTE ECB - SUDOESTE 10/04/2019 1 P Year 6 500 00043625SSW 29/11/2024 21/02/2024 21/02/2024 23/01/2024 Textbook
    Classificação Decimal de Dewey     ECB - SUDOESTE ECB - SUDOESTE 17/01/2018 1 P Year 6 500 00032684SSW 29/11/2024 21/02/2024 21/02/2024 23/01/2024 Textbook
    Classificação Decimal de Dewey     ECB - SUDOESTE ECB - SUDOESTE 17/01/2018 1 P Year 6 500 00032694SSW 29/11/2024 21/02/2024 21/02/2024 23/01/2024 Textbook
    Classificação Decimal de Dewey     ECB - SUDOESTE ECB - SUDOESTE 17/01/2018   P Year 6 500 00032697SSW   23/01/2024   23/01/2024 Textbook
    Classificação Decimal de Dewey     ECB - SUDOESTE ECB - SUDOESTE 17/01/2018 1 P Year 6 500 00032705SSW 29/11/2024 21/02/2024 21/02/2024 23/01/2024 Textbook
    Classificação Decimal de Dewey     ECB - SUDOESTE ECB - SUDOESTE 17/01/2018 1 P Year 6 500 00032713SSW 29/11/2024 21/02/2024 21/02/2024 23/01/2024 Textbook
    Classificação Decimal de Dewey     ECB - SUDOESTE ECB - SUDOESTE 17/01/2018 1 P Year 6 500 00032726SSW 29/11/2024 21/02/2024 21/02/2024 23/01/2024 Textbook
    Classificação Decimal de Dewey     ECB - SUDOESTE ECB - SUDOESTE 17/01/2018 1 P Year 6 500 00032729SSW 29/11/2024 21/02/2024 21/02/2024 23/01/2024 Textbook
    Classificação Decimal de Dewey     ECB - SUDOESTE ECB - SUDOESTE 17/01/2018 1 P Year 6 500 00032734SSW 29/11/2024 21/02/2024 21/02/2024 23/01/2024 Textbook
    Classificação Decimal de Dewey     ECB - SUDOESTE ECB - SUDOESTE 17/01/2018 1 P Year 6 500 00032737SSW 29/11/2024 23/02/2024 23/02/2024 23/01/2024 Textbook
    Classificação Decimal de Dewey     ECB - SUDOESTE ECB - SUDOESTE 17/01/2018 1 P Year 6 500 00032739SSW 29/11/2024 21/02/2024 21/02/2024 23/01/2024 Textbook
    Classificação Decimal de Dewey     ECB - SUDOESTE ECB - SUDOESTE 17/01/2018 1 P Year 6 500 00032657SSW 29/11/2024 21/02/2024 21/02/2024 23/01/2024 Textbook
    Classificação Decimal de Dewey     ECB - SUDOESTE ECB - SUDOESTE 17/01/2018 1 P Year 6 500 00032660SSW 29/11/2024 21/02/2024 21/02/2024 23/01/2024 Textbook
    Classificação Decimal de Dewey     ECB - SUDOESTE ECB - SUDOESTE 17/01/2018 1 P Year 6 500 00032665SSW 29/11/2024 22/02/2024 22/02/2024 23/01/2024 Textbook
    Classificação Decimal de Dewey     ECB - SUDOESTE ECB - SUDOESTE 17/01/2018 1 P Year 6 500 00032668SSW 29/11/2024 21/02/2024 21/02/2024 23/01/2024 Textbook
    Classificação Decimal de Dewey     ECB - SUDOESTE ECB - SUDOESTE 17/01/2018 1 P Year 6 500 00032673SSW 29/11/2024 21/02/2024 21/02/2024 23/01/2024 Textbook
    Classificação Decimal de Dewey     ECB - SUDOESTE ECB - SUDOESTE 17/01/2018 1 P Year 6 500 00032676SSW 29/11/2024 21/02/2024 21/02/2024 23/01/2024 Textbook
    Classificação Decimal de Dewey     ECB - SUDOESTE ECB - SUDOESTE 17/01/2018 1 P Year 6 500 00032681SSW 29/11/2024 22/02/2024 22/02/2024 23/01/2024 Textbook
    Classificação Decimal de Dewey     ECB - SUDOESTE ECB - SUDOESTE 25/01/2018 1 P Year 6 500 00033310SSW 29/11/2024 21/02/2024 21/02/2024 23/01/2024 Textbook
    Classificação Decimal de Dewey     ECB - SUDOESTE ECB - SUDOESTE 17/01/2018   P Year 6 500 00032659SSW   23/01/2024   23/01/2024 Textbook
    Classificação Decimal de Dewey     ECB - SUDOESTE ECB - SUDOESTE 17/01/2018 1 P Year 6 500 00032662SSW 29/11/2024 21/02/2024 21/02/2024 23/01/2024 Textbook
    Classificação Decimal de Dewey     ECB - SUDOESTE ECB - SUDOESTE 17/01/2018 1 P Year 6 500 00032667SSW   16/07/2024 21/02/2024 23/01/2024 Textbook
    Classificação Decimal de Dewey     ECB - SUDOESTE ECB - SUDOESTE 17/01/2018 1 P Year 6 500 00032670SSW 29/11/2024 21/02/2024 21/02/2024 23/01/2024 Textbook
    Classificação Decimal de Dewey     ECB - SUDOESTE ECB - SUDOESTE 17/01/2018 1 P Year 6 500 00032675SSW 29/11/2024 15/02/2024 15/02/2024 23/01/2024 Textbook
    Classificação Decimal de Dewey     ECB - SUDOESTE ECB - SUDOESTE 17/01/2018 1 P Year 6 500 00032678SSW 29/11/2024 21/02/2024 21/02/2024 23/01/2024 Textbook
    Classificação Decimal de Dewey     ECB - SUDOESTE ECB - SUDOESTE 17/01/2018 1 P Year 6 500 00032683SSW 29/11/2024 21/02/2024 21/02/2024 23/01/2024 Textbook
    Classificação Decimal de Dewey     ECB - SUDOESTE ECB - SUDOESTE 17/01/2018   P Year 6 500 00032691SSW   23/01/2024   23/01/2024 Textbook
    Classificação Decimal de Dewey     ECB - SUDOESTE ECB - SUDOESTE 17/01/2018 1 P Year 6 500 00032696SSW 29/11/2024 21/02/2024 21/02/2024 23/01/2024 Textbook
    Classificação Decimal de Dewey     ECB - SUDOESTE ECB - SUDOESTE 17/01/2018 1 P Year 6 500 00032699SSW 29/11/2024 21/02/2024 21/02/2024 23/01/2024 Textbook
    Classificação Decimal de Dewey     ECB - SUDOESTE ECB - SUDOESTE 17/01/2018 1 P Year 6 500 00032704SSW 29/11/2024 21/02/2024 21/02/2024 23/01/2024 Textbook
    Classificação Decimal de Dewey     ECB - SUDOESTE ECB - SUDOESTE 17/01/2018 1 P Year 6 500 00032707SSW 29/11/2024 21/02/2024 21/02/2024 23/01/2024 Textbook
    Classificação Decimal de Dewey     ECB - SUDOESTE ECB - SUDOESTE 17/01/2018 1 P Year 6 500 00032712SSW 29/11/2024 21/02/2024 21/02/2024 23/01/2024 Textbook
    Classificação Decimal de Dewey     ECB - SUDOESTE ECB - SUDOESTE 17/01/2018 1 P Year 6 500 00032715SSW 29/11/2024 21/02/2024 21/02/2024 23/01/2024 Textbook
    Classificação Decimal de Dewey     ECB - SUDOESTE ECB - SUDOESTE 17/01/2018 1 P Year 6 500 00032720SSW 29/11/2024 21/02/2024 21/02/2024 23/01/2024 Textbook
    Classificação Decimal de Dewey     ECB - SUDOESTE ECB - SUDOESTE 17/01/2018 1 P Year 6 500 00032728SSW 29/11/2024 21/02/2024 21/02/2024 23/01/2024 Textbook
    Classificação Decimal de Dewey     ECB - SUDOESTE ECB - SUDOESTE 11/10/2016 1 P Year 6 500 00024791SSW 29/11/2024 21/02/2024 21/02/2024 23/01/2024 Textbook
    Classificação Decimal de Dewey     ECB - SUDOESTE ECB - SUDOESTE 11/10/2016 1 P Year 6 500 00024790SSW 29/11/2024 21/02/2024 21/02/2024 23/01/2024 Textbook
    Classificação Decimal de Dewey     ECB - SUDOESTE ECB - SUDOESTE 11/02/2021   P Year 6 500 00052976SSW   23/01/2024   23/01/2024 Textbook
    Classificação Decimal de Dewey     ECB - SUDOESTE ECB - SUDOESTE 11/02/2021 1 P Year 6 500 00052977SSW 29/11/2024 21/02/2024 21/02/2024 23/01/2024 Textbook
    Classificação Decimal de Dewey     ECB - SUDOESTE ECB - SUDOESTE 16/11/2020 1 P Year 6 500 00051108SSW 29/11/2024 21/02/2024 21/02/2024 23/01/2024 Textbook
    Classificação Decimal de Dewey     ECB - SUDOESTE ECB - SUDOESTE 16/11/2020 1 P Year 6 500 00051110SSW 29/11/2024 21/02/2024 21/02/2024 23/01/2024 Textbook
    Classificação Decimal de Dewey     ECB - SUDOESTE ECB - SUDOESTE 16/11/2020 1 P Year 6 500 00051111SSW 29/11/2024 21/02/2024 21/02/2024 23/01/2024 Textbook
    Classificação Decimal de Dewey     ECB - SUDOESTE ECB - SUDOESTE 16/11/2020 1 P Year 6 500 00051112SSW 29/11/2024 21/02/2024 21/02/2024 23/01/2024 Textbook
    Classificação Decimal de Dewey     ECB - SUDOESTE ECB - SUDOESTE 16/11/2020   P Year 6 500 00051113SSW   23/01/2024   23/01/2024 Textbook
    Classificação Decimal de Dewey     ECB - SUDOESTE ECB - SUDOESTE 16/11/2020   P Year 6 500 00051115SSW   23/01/2024   23/01/2024 Textbook
    Classificação Decimal de Dewey     ECB - SUDOESTE ECB - SUDOESTE 16/11/2020 1 P Year 6 500 00051116SSW 29/11/2024 21/02/2024 21/02/2024 23/01/2024 Textbook
    Classificação Decimal de Dewey     ECB - SUDOESTE ECB - SUDOESTE 16/11/2020 1 P Year 6 500 00051117SSW 29/11/2024 21/02/2024 21/02/2024 23/01/2024 Textbook
    Classificação Decimal de Dewey     ECB - SUDOESTE ECB - SUDOESTE 16/11/2020 1 P Year 6 500 00051118SSW 29/11/2024 21/02/2024 21/02/2024 23/01/2024 Textbook
    Classificação Decimal de Dewey     ECB - SUDOESTE ECB - SUDOESTE 20/12/2022 1 P Year 6 500 TER 00059526SSW 29/11/2024 21/02/2024 21/02/2024 23/01/2024 Textbook
    Classificação Decimal de Dewey     ECB - SUDOESTE ECB - SUDOESTE 20/12/2022 1 P Year 6 500 TER 00059527SSW   28/06/2024 21/02/2024 23/01/2024 Textbook
    Classificação Decimal de Dewey     ECB - SUDOESTE ECB - SUDOESTE 13/03/2023 1 P Year 6 [E] JOH 00061010SSW 29/11/2024 22/02/2024 22/02/2024 23/01/2024 Textbook
    Classificação Decimal de Dewey     ECB - SUDOESTE ECB - SUDOESTE 13/03/2023   P Year 6 [E] JOH 00061011SSW   23/01/2024   23/01/2024 Textbook
    Classificação Decimal de Dewey     ECB - SUDOESTE ECB - SUDOESTE 13/03/2023   P Year 6 [E] JOH 00061013SSW   23/01/2024   23/01/2024 Textbook
    Classificação Decimal de Dewey     ECB - SUDOESTE ECB - SUDOESTE 13/03/2023 1 P Year 6 [E] JOH 00061014SSW 29/11/2024 22/02/2024 22/02/2024 23/01/2024 Textbook
    Classificação Decimal de Dewey     ECB - SUDOESTE ECB - SUDOESTE 13/03/2023 1 P Year 6 [E] JOH 00061015SSW 29/11/2024 22/02/2024 22/02/2024 23/01/2024 Textbook
    Classificação Decimal de Dewey     ECB - SUDOESTE ECB - SUDOESTE 13/03/2023 1 P Year 6 [E] JOH 00061017SSW 29/11/2024 22/02/2024 22/02/2024 23/01/2024 Textbook
    Classificação Decimal de Dewey     ECB - SUDOESTE ECB - SUDOESTE 13/03/2023   P Year 6 [E] JOH 00061018SSW   23/01/2024   23/01/2024 Textbook
    Classificação Decimal de Dewey     ECB - SUDOESTE ECB - SUDOESTE 13/03/2023   P Year 6 [E] JOH 00061019SSW   23/01/2024   23/01/2024 Textbook
    Classificação Decimal de Dewey     ECB - SUDOESTE ECB - SUDOESTE 13/03/2023   P Year 6 [E] JOH 00061020SSW   23/01/2024   23/01/2024 Textbook
    Classificação Decimal de Dewey     ECB - SUDOESTE ECB - SUDOESTE 13/03/2023   P Year 6 [E] JOH 00061021SSW   23/01/2024   23/01/2024 Textbook
    Classificação Decimal de Dewey     ECB - SUDOESTE ECB - SUDOESTE 13/03/2023   P Year 6 [E] JOH 00061022SSW   23/01/2024   23/01/2024 Textbook
    Classificação Decimal de Dewey     ECB - SUDOESTE ECB - SUDOESTE 13/03/2023   P Year 6 [E] JOH 00061023SSW   23/01/2024   23/01/2024 Textbook
    Classificação Decimal de Dewey     ECB - SUDOESTE ECB - SUDOESTE 13/03/2023   P Year 6 [E] JOH 00061024SSW   23/01/2024   23/01/2024 Textbook
    Classificação Decimal de Dewey     ECB - SUDOESTE ECB - SUDOESTE 13/03/2023   P Year 6 [E] JOH 00061026SSW   23/01/2024   23/01/2024 Textbook
    Classificação Decimal de Dewey     ECB - SUDOESTE ECB - SUDOESTE 13/03/2023 1 P Year 6 [E] JOH 00061027SSW 29/11/2024 22/02/2024 22/02/2024 23/01/2024 Textbook
    Classificação Decimal de Dewey     ECB - SUDOESTE ECB - SUDOESTE 13/03/2023 1 P Year 6 [E] JOH 00061028SSW 29/11/2024 22/02/2024 22/02/2024 23/01/2024 Textbook
    Classificação Decimal de Dewey     ECB - SUDOESTE ECB - SUDOESTE 15/03/2024   P Year 6 500 JOH 791050857SSW   15/03/2024   15/03/2024 Livros
    Classificação Decimal de Dewey     ECB - SUDOESTE ECB - SUDOESTE 15/03/2024   P Year 6 500 JOH 7910508589SSW   15/03/2024   15/03/2024 Textbook
    Classificação Decimal de Dewey     ECB - SUDOESTE ECB - SUDOESTE 15/03/2024   P Year 6 500 JOH 7910508596SSW   15/03/2024   15/03/2024 Livros
    Classificação Decimal de Dewey     ECB - SUDOESTE ECB - SUDOESTE 15/03/2024   P Year 6 500 JOH 7910508602SSW   15/03/2024   15/03/2024 Textbook
    Classificação Decimal de Dewey     ECB - SUDOESTE ECB - SUDOESTE 15/03/2024   P Year 6 500 JOH 7910508619SSW   15/03/2024   15/03/2024 Textbook
    Classificação Decimal de Dewey     ECB - SUDOESTE ECB - SUDOESTE 15/03/2024   P Year 6 500 JOH 7910508626SSW   15/03/2024   15/03/2024 Textbook
    Classificação Decimal de Dewey     ECB - SUDOESTE ECB - SUDOESTE 15/03/2024   P Year 6 500 JOH 7910508633SSW   15/03/2024   15/03/2024 Textbook
    Classificação Decimal de Dewey     ECB - ÁGUAS CLARAS ECB - ÁGUAS CLARAS 10/04/2019 2 AP Year 6 500 JOH 00043615AGC 29/11/2024 02/04/2024 02/04/2024 23/01/2024 Textbook
    Classificação Decimal de Dewey     ECB - ÁGUAS CLARAS ECB - ÁGUAS CLARAS 18/01/2018 2 AP Year 6 500 JOH 00032787AGC 29/11/2024 05/06/2024 05/06/2024 23/01/2024 Textbook
    Classificação Decimal de Dewey     ECB - ÁGUAS CLARAS ECB - ÁGUAS CLARAS 17/01/2018 1 AP Year 6 500 JOH 00032692AGC 29/11/2024 27/02/2024 27/02/2024 23/01/2024 Textbook
    Classificação Decimal de Dewey     ECB - ÁGUAS CLARAS ECB - ÁGUAS CLARAS 17/01/2018 1 AP Year 6 500 JOH 00032716AGC   28/06/2024 19/02/2024 23/01/2024 Textbook
    Classificação Decimal de Dewey     ECB - ÁGUAS CLARAS ECB - ÁGUAS CLARAS 17/01/2018 1 AP Year 6 500 JOH 00032724AGC 29/11/2024 02/04/2024 02/04/2024 23/01/2024 Textbook
    Classificação Decimal de Dewey     ECB - ÁGUAS CLARAS ECB - ÁGUAS CLARAS 11/10/2016 1 AP Year 6 500 JOH 00024789AGC 29/11/2024 27/02/2024 27/02/2024 23/01/2024 Textbook
    Classificação Decimal de Dewey     ECB - ÁGUAS CLARAS ECB - ÁGUAS CLARAS 30/07/2019 2 AP Year 6 500 JOH 00044637AGC 29/11/2024 02/04/2024 02/04/2024 23/01/2024 Textbook
    Classificação Decimal de Dewey     ECB - ÁGUAS CLARAS ECB - ÁGUAS CLARAS 16/12/2019 1 AP Year 6 500 JOH 00045966AGC 29/11/2024 27/02/2024 27/02/2024 23/01/2024 Textbook
    Classificação Decimal de Dewey     ECB - ÁGUAS CLARAS ECB - ÁGUAS CLARAS 16/12/2019   AP Year 6 500 JOH 00045974AGC   23/01/2024   23/01/2024 Textbook
    Classificação Decimal de Dewey     ECB - ÁGUAS CLARAS ECB - ÁGUAS CLARAS 16/12/2019 1 AP Year 6 500 JOH 00045977AGC 29/11/2024 27/02/2024 27/02/2024 23/01/2024 Textbook
    Classificação Decimal de Dewey     ECB - ÁGUAS CLARAS ECB - ÁGUAS CLARAS 17/01/2018 1 AP Year 6 500 JOH 00032656AGC 29/11/2024 27/02/2024 27/02/2024 23/01/2024 Textbook
    Classificação Decimal de Dewey     ECB - ÁGUAS CLARAS ECB - ÁGUAS CLARAS 17/01/2018 1 AP Year 6 500 JOH 00032661AGC 29/11/2024 19/02/2024 19/02/2024 23/01/2024 Textbook
    Classificação Decimal de Dewey     ECB - ÁGUAS CLARAS ECB - ÁGUAS CLARAS 17/01/2018 1 AP Year 6 500 JOH 00032677AGC 29/11/2024 27/02/2024 27/02/2024 23/01/2024 Textbook
    Classificação Decimal de Dewey     ECB - ÁGUAS CLARAS ECB - ÁGUAS CLARAS 17/01/2018 1 AP Year 6 500 JOH 00032680AGC 29/11/2024 27/02/2024 27/02/2024 23/01/2024 Textbook
    Classificação Decimal de Dewey     ECB - ÁGUAS CLARAS ECB - ÁGUAS CLARAS 17/01/2018 1 AP Year 6 500 JOH 00032685AGC 29/11/2024 27/02/2024 27/02/2024 23/01/2024 Textbook
    Classificação Decimal de Dewey     ECB - ÁGUAS CLARAS ECB - ÁGUAS CLARAS 17/01/2018 1 AP Year 6 500 JOH 00032688AGC 29/11/2024 27/02/2024 27/02/2024 23/01/2024 Textbook
    Classificação Decimal de Dewey     ECB - ÁGUAS CLARAS ECB - ÁGUAS CLARAS 17/01/2018 1 AP Year 6 500 JOH 00032693AGC 29/11/2024 19/02/2024 19/02/2024 23/01/2024 Textbook
    Classificação Decimal de Dewey     ECB - ÁGUAS CLARAS ECB - ÁGUAS CLARAS 17/01/2018 1 AP Year 6 500 JOH 00032698AGC 29/11/2024 27/02/2024 27/02/2024 23/01/2024 Textbook
    Classificação Decimal de Dewey     ECB - ÁGUAS CLARAS ECB - ÁGUAS CLARAS 17/01/2018 1 AP Year 6 500 JOH 00032722AGC 29/11/2024 27/02/2024 27/02/2024 23/01/2024 Textbook
    Classificação Decimal de Dewey     ECB - ÁGUAS CLARAS ECB - ÁGUAS CLARAS 30/01/2018 1 AP Year 6 500 JOH 00033519AGC 29/11/2024 27/02/2024 27/02/2024 23/01/2024 Textbook
    Classificação Decimal de Dewey     ECB - ÁGUAS CLARAS ECB - ÁGUAS CLARAS 17/01/2018   AP Year 6 500 JOH 00032689AGC   23/01/2024   23/01/2024 Textbook
    Classificação Decimal de Dewey     ECB - ÁGUAS CLARAS ECB - ÁGUAS CLARAS 17/01/2018 1 AP Year 6 500 JOH 00032702AGC 29/11/2024 27/02/2024 27/02/2024 23/01/2024 Textbook
    Classificação Decimal de Dewey     ECB - ÁGUAS CLARAS ECB - ÁGUAS CLARAS 17/01/2018 1 AP Year 6 500 JOH 00032710AGC 29/11/2024 27/02/2024 27/02/2024 23/01/2024 Textbook
    Classificação Decimal de Dewey     ECB - ÁGUAS CLARAS ECB - ÁGUAS CLARAS 17/01/2018 1 AP Year 6 500 JOH 00032718AGC 29/11/2024 27/02/2024 27/02/2024 23/01/2024 Textbook
    Classificação Decimal de Dewey     ECB - ÁGUAS CLARAS ECB - ÁGUAS CLARAS 17/01/2018 1 AP Year 6 500 JOH 00032721AGC 29/11/2024 27/02/2024 27/02/2024 23/01/2024 Textbook
    Classificação Decimal de Dewey     ECB - ÁGUAS CLARAS ECB - ÁGUAS CLARAS 17/01/2018 1 AP Year 6 500 JOH 00032686AGC 29/11/2024 27/02/2024 27/02/2024 23/01/2024 Textbook
    Classificação Decimal de Dewey     ECB - ÁGUAS CLARAS ECB - ÁGUAS CLARAS 17/01/2018 1 AP Year 6 500 JOH 00032723AGC 29/11/2024 19/02/2024 19/02/2024 23/01/2024 Textbook
    Classificação Decimal de Dewey     ECB - ÁGUAS CLARAS ECB - ÁGUAS CLARAS 17/01/2018 1 AP Year 6 500 JOH 00032731AGC   28/06/2024 27/02/2024 23/01/2024 Textbook
    Classificação Decimal de Dewey     ECB - ÁGUAS CLARAS ECB - ÁGUAS CLARAS 17/01/2018 1 AP Year 6 500 JOH 00032736AGC 29/11/2024 02/04/2024 02/04/2024 23/01/2024 Textbook
    Classificação Decimal de Dewey     ECB - ÁGUAS CLARAS ECB - ÁGUAS CLARAS 16/11/2020 2 AP Year 6 500 JOH 00051107AGC 29/11/2024 02/04/2024 02/04/2024 23/01/2024 Textbook
    Classificação Decimal de Dewey     ECB - ÁGUAS CLARAS ECB - ÁGUAS CLARAS 16/11/2020   AP Year 6 500 JOH 00051109AGC   23/01/2024   23/01/2024 Textbook
    Classificação Decimal de Dewey     ECB - ÁGUAS CLARAS ECB - ÁGUAS CLARAS 16/11/2020 2 AP Year 6 500 JOH 00051114AGC 29/11/2024 19/02/2024 19/02/2024 23/01/2024 Textbook
    Classificação Decimal de Dewey     ECB - ÁGUAS CLARAS ECB - ÁGUAS CLARAS 13/03/2023 2 AP Year 6 [E] JOH 00061012AGC 29/11/2024 02/04/2024 02/04/2024 23/01/2024 Textbook
    Classificação Decimal de Dewey     ECB - ÁGUAS CLARAS ECB - ÁGUAS CLARAS 13/03/2023   AP Year 6 [E] JOH 00061016AGC   23/01/2024   23/01/2024 Textbook
    Classificação Decimal de Dewey     ECB - ÁGUAS CLARAS ECB - ÁGUAS CLARAS 13/03/2023 2 AP Year 6 [E] JOH 00061025AGC 29/11/2024 02/04/2024 02/04/2024 23/01/2024 Textbook
    Classificação Decimal de Dewey     ECB - ÁGUAS CLARAS ECB - ÁGUAS CLARAS 19/03/2024   AP Year 6 500 JOH 7910508763AGC   19/03/2024   19/03/2024 Textbook
    Classificação Decimal de Dewey     ECB - ÁGUAS CLARAS ECB - ÁGUAS CLARAS 19/03/2024   AP Year 6 500 JOH 7910508770AGC   19/03/2024   19/03/2024 Textbook
    Classificação Decimal de Dewey     ECB - ÁGUAS CLARAS ECB - ÁGUAS CLARAS 19/03/2024   AP Year 6 500 JOH 7910508787AGC   19/03/2024   19/03/2024 Textbook
    Classificação Decimal de Dewey     ECB - ÁGUAS CLARAS ECB - ÁGUAS CLARAS 19/03/2024   AP Year 6 500 JOH 7910508794AGC   19/03/2024   19/03/2024 Textbook
    Classificação Decimal de Dewey     ECB - ÁGUAS CLARAS ECB - ÁGUAS CLARAS 19/03/2024   AP Year 6 500 JOH 7910508800AGC   19/03/2024   19/03/2024 Textbook